000 00612nam a2200241Ia 4500
005 20260430150651.0
008 008 250103s9999 xx 000 0 eng d
037 _aTheses
040 _aCRL
040 _beng
040 _ceng
041 _2eng
041 _aeng
084 _qCRL
100 _aDeep Chand Au.; Raj Kumar Gu.
_91238152
245 0 _aJourney and Journalism in Mohandas Naimishraya’s Writings
260 _c2023
300 _a131p.
650 _aEnglish Fiction
700 _aUniversity of Delhi. Faculty of Arts. Deptt. of English
942 _cTH
999 _c1850341
_d1850341